000 00487nam a2200181Ia 4500
005 20250326123759.0
008 250326s9999 xx 000 0 und d
037 _aTextbook
040 _aFMSL
_beng
_cFMSL
041 _aeng
_2eng
084 _aS K7
_qFMSL
100 _aMurray H A
_9736085
245 0 _aExplortions in personality
_cMurray H A
260 _aNY
_bNY, Harvard Psychological Clinic
_c1967
300 _a761p
942 _cTB
_hS K7
999 _c1270934
_d1270934